| 000 | 02916nam a22005777a 4500 | ||
|---|---|---|---|
| 003 | CHAP | ||
| 005 | 20220329135848.0 | ||
| 008 | 971013s1981 r 00010 d | ||
| 010 | _a43469 | ||
| 011 | _a44441 | ||
| 035 | _a48579 | ||
| 040 | _cCHAP | ||
| 082 |
_a634.9 _bM45 |
||
| 110 |
_aMéxico. Subsecretaría Forestal y de la Fauna _977260 |
||
| 245 | _aPrograma nacional de desarrollo forestal | ||
| 260 |
_aMéxico, D.F. : _bLa Subsecretaría, _c198 - 19 |
||
| 300 | _av. | ||
| 500 | _aLa biblioteca tiene: 1979, 1980 3v.; 1981, 5v.; 1982-86 | ||
| 590 |
_aBATCH-UPD _b10 _c20130110 _lUCH01 _h1023 |
||
| 590 |
_aBATCH-UPD _b10 _c20130410 _lUCH01 _h0628 |
||
| 590 |
_aBATCH-UPD _b10 _c20130914 _lUCH01 _h0713 |
||
| 590 |
_aCONVERSION _b10 _c20130109 _lUCH01 _h1324 |
||
| 650 | 1 | 4 |
_aBosques _xAspectos económicos _xMéxico. _914076 |
| 650 | 1 | 4 |
_aBosques _xMéxico. _914341 |
| 650 | 1 | 4 |
_aPolítica forestal _zMéxico. _990610 |
| 901 | _aBK | ||
| 942 | _cLIBRO | ||
| 949 |
_a634.9 M45 _bBC _cC _d33724000644860 _eC _f1981 v.2 c.2 _h60896 _i48579 _si |
||
| 949 |
_a634.9 M45 _bBC _cC _d33724000644878 _eC _f1980 v.3 _h60901 _i48579 _si |
||
| 949 |
_a634.9 M45 _bBC _cC _d33724000644886 _eC _f1981 v.1 c.2 _h60895 _i48579 _si |
||
| 949 |
_a634.9 M45 _bBC _cC _d33724000644894 _eC _f1981 v.3 c.2 _h57788 _i48579 _si |
||
| 949 |
_a634.9 M45 _bBC _cC _d33724000644910 _eC _f1980 v.2 _h60900 _i48579 _si |
||
| 949 |
_a634.9 M45 _bBC _cC _d33724000644928 _eC _f1980 v.1 _h60899 _i48579 _si |
||
| 949 |
_a634.9 M45 _bBC _cC _d33724000645073 _eC _f1981 v.1-4 _h57787 _i48579 _si |
||
| 949 |
_a634.9 M45 _bBC _cC _d33724000645081 _eC _f1979 _h87268 _i48579 _si |
||
| 949 |
_a634.9 M45 _bBC _cC _d33724000649356 _eC _f1982-86 _h60711 _i48579 _si |
||
| 949 |
_a634.9 M45 _bBC _cC _d33724000649406 _eC _f1981 v.4 c.2 _h60898 _i48579 _si |
||
| 949 |
_a634.9 M45 _bBC _cC _d33724000649802 _eC _f1981 _h57786 _i48579 _si |
||
| 949 |
_a634.9 M45 _bBC _cC _d33724000654687 _eC _f1981 c.2 _h60894 _i48579 _si |
||
| 949 |
_a634.9 M45 _bBC _cLIBRO _d33724000222824 _eLIBRO _f1981 v.1 c.3 _h78585 _i48579 _si |
||
| 949 |
_a634.9 M45 _bBC _cLIBRO _d33724000222832 _eLIBRO _f1980 v.3 c.2 _h78581 _i48579 _si |
||
| 949 |
_a634.9 M45 _bBC _cLIBRO _d33724000222840 _eLIBRO _f1980 v.3 c.3 _h78584 _i48579 _si |
||
| 949 |
_a634.9 M45 _bBC _cLIBRO _d33724000222857 _eLIBRO _f1981 v.2 c.3 _h78586 _i48579 _si |
||
| 949 |
_a634.9 M45 _bBC _cLIBRO _d33724000222873 _eLIBRO _f1981 v.3 c.3 _h78587 _i48579 _si |
||
| 949 |
_a634.9 M45 _bBC _cLIBRO _d33724000222881 _eLIBRO _f1981 v.4 c.3 _h78588 _i48579 _si |
||
| 949 |
_a634.9 M45 _bBC _cLIBRO _d33724000222899 _eLIBRO _f1981 v.5 c.3 _h78589 _i48579 _si |
||
| 949 |
_a634.9 M45 _bBC _cLIBRO _d33724000222907 _eLIBRO _f1980 v.1 c.2 _h78579 _i48579 _si |
||
| 949 |
_a634.9 M45 _bBC _cLIBRO _d33724000222915 _eLIBRO _f1980 v.2 c.3 _h78580 _i48579 _si |
||
| 949 |
_a634.9 M45 _bBC _cLIBRO _d33724000222923 _eLIBRO _f1980 v.1 c.3 _h78582 _i48579 _si |
||
| 949 |
_a634.9 M45 _bBC _cLIBRO _d33724000222931 _eLIBRO _f1980 v.2 c.2 _h78583 _i48579 _si |
||
| 999 |
_c43469 _d43469 |
||